000 00473cam a2200193ua 4500
001 804
005 20260515113228.0
008 110420n ii |||gr||||Z||||||eng
040 _cMAIN
082 _a352
245 1 _aAssam panchayat act.
_cBy B K Ghosh.
250 _a 1st.
260 _aGuwahati.:
_bAssam law house.,
_c2007.
300 _axxiv, 344 p.:
_c20 cm.
653 _aPolitical science.
653 _aAssam panchayat act.
700 1 _aGhosh, B K.,
942 _cBK
999 _c730
_d730